[Event "ESP-ch U18"]
[Site "Padron"]
[Date "2008.07.31"]
[Round "7"]
[White "Ribas Gomez, Diego"]
[Black "Calle Moreau, Jose Domingo"]
[Result "1-0"]
[WhiteElo "1996"]
[BlackElo "1940"]
[PlyCount "67"]
[EventDate "2008.07.27"]
[EventType "swiss"]
[EventRounds "9"]
[EventCountry "ESP"]
[SourceTitle "CBM 125 Extra"]
[Source "ChessBase"]
[SourceDate "2008.09.01"]
[SourceVersion "1"]
[SourceVersionDate "2008.09.01"]
[SourceQuality "1"]

1. e4 c5 2. d3 Nc6 3. g3 e6 4. Bg2 d5 5. Nd2 Nf6 6. f4 Be7 7. Ngf3 0-0 8. 0-0 b6 9. Re1 dxe4 10. dxe4 Bb7 11. c3 Qc7 12. Qc2 Rad8 13. a3 e5 14. fxe5 Nxe5 15. Nxe5 Qxe5 16. Nf3 Qh5 17. Nh4 Ng4 18. h3 Ne5 19. Nf5 Bg5 20. g4 Nxg4 21. hxg4 Qxg4 22. Bxg5 Qxg5 23. Re3 g6 24. Qf2 Bxe4 25. Rxe4 Qxf5 26. Qxf5 gxf5 27. Re5 Rd2 28. Rxf5 Rxb2 29. Bd5 Kg7 30. Kh1 Kg6 31. Be4 Re2 32. Rg1+ Kh6 33. Rf6+ Kh5 34. Bf3+ 1-0

[Event "Dos Hermanas op 5th"]
[Site "Dos Hermanas"]
[Date "2006.04.02"]
[Round "4"]
[White "Calle Moreau, Jose Domingo"]
[Black "Ibarrola Arino, Jose Ignacio"]
[Result "1-0"]
[WhiteElo "1961"]
[BlackElo "1902"]
[PlyCount "77"]
[EventDate "2006.03.30"]
[EventType "swiss"]
[EventRounds "9"]
[EventCountry "ESP"]
[SourceTitle "CBM 111 Extra"]
[Source "ChessBase"]
[SourceDate "2006.05.09"]
[SourceVersion "1"]
[SourceVersionDate "2006.05.09"]
[SourceQuality "1"]

1. c4 Nf6 2. g3 d5 3. cxd5 Qxd5 4. Nf3 Bg4 5. Bg2 c6 6. Nc3 Qd8 7. 0-0 e6 8. d3 Be7 9. Bf4 0-0 10. Qd2 Nbd7 11. Rac1 Nd5 12. Nxd5 cxd5 13. Rc7 Bxf3 14. Bxf3 e5 15. Rxd7 Qxd7 16. Bxe5 f6 17. Bd4 b6 18. Qd1 Rac8 19. Qb3 Rfd8 20. e4 Kh8 21. exd5 Rc7 22. Be3 Rdc8 23. Re1 Bd6 24. d4 Rc4 25. Qd3 Rc2 26. Qb3 Qf5 27. Bg2 R2c4 28. Bf1 Rb4 29. Bd3 Qd7 30. Qd1 Rxb2 31. Qh5 h6 32. Bf5 Qd8 33. Bxc8 Qxc8 34. Bxh6 Kg8 35. Re8+ Qxe8 36. Qxe8+ Kh7 37. Bxg7 Rxa2 38. Qh8+ Kg6 39. Qh6+ 1-0